Statistics for Actors with the Most Twitter Followers

Click here to take the quiz!

General Stats

  • This quiz has been taken 718 times
  • The average score is 20 of 100

Answer Stats

#FollowersWas In...Answer% Correct
11.4,779,683"Forrest Gump"Tom Hanks
81%
1.12,547,852"Wizards of Waverly Place"Selena Gomez
73%
7.7,908,252"Two and a Half Men"Charlie Sheen
72%
5.8,909,324"Ace Ventura: Pet Detective"Jim Carrey
72%
27.3,316,556"Titanic"Leonardo DiCaprio
71%
2.12,181,879"The Butterfly Effect"Ashton Kutcher
67%
18.3,873,646"Harry Potter and the Sorcerer's Stone"Emma Watson
64%
26.3,325,535"Top Gun"Tom Cruise
61%
3.11,048,998"Maid in Manhattan"Jennifer Lopez
57%
14.4,226,509"Mean Girls"Lindsay Lohan
57%
8.5,484,690"Ghost"Demi Moore
52%
28.3,235,029"Zoolander"Ben Stiller
51%
4.9,010,136"Camp Rock"Demi Lovato
47%
48.2,514,787"A Walk to Remember"Mandy Moore
45%
24.3,398,064"Green Rose"Anne Curtis-Smith
44%
43.2,668,520"I Am Legend"Willow Smith
44%
25.3,352,126"Tooth Fairy"Dwayne "The Rock" Johnson
42%
16.4,019,303"El Chavo Animado"Roberto Gomez Bolanos
42%
17.3,913,356"Fantastic Four"Jessica Alba
40%
15.4,205,956"Desperate Housewives"Eva Longoria
38%
33.2,852,563"Cosby"Bill Cosby
37%
85.1,426,381"Pulp Fiction"Samuel L. Jackson
37%
55.2,217,20"The Osbournes"Kelly Osbourne
36%
13.4,241,481"Doogie Howser, M.D."Neil Patrick Harris
35%
6.8,613,298"The Simple Life"Paris Hilton
35%
68.1,791,700"Run, Fatboy, Run"Michael Ian Black
33%
49.2,482,989"American Beauty"Kevin Spacey
32%
72.1,621,269"Lizzie McGuire"Hilary Duff
31%
30.3,073,255"Father of the Bride"Steve Martin
30%
75.1,571,416"X-Men"Hugh Jackman
29%
82.1,466,110"Fight Club"Edward Norton
28%
61.2,037,151"Glee"Lea Michele
27%
20.3,563,970"The Simple Life"Nicole Richie
25%
9.5,349,353"Forgetting Sarah Marshall"Russell Brand
24%
32.3,001,213"The Invention of Lying"Ricky Gervais
22%
46.2,565,095"Shaun of the Dead"Simon Pegg
20%
53.2,224,327"Charmed"Alyssa Milano
18%
41.2,709,724"The Vampire Diaries"Nina Dobrev
18%
29.3,209,317"The Office"Rainn Wilson
18%
37.2,801,961"Transformers"Tyrese Gibson
17%
45.2,617,138"The Vampire Diaries"Ian Somerhalder
16%
35.2,822,264"The Hills"Lauren Conrad
15%
51.2,315,981"Batman Returns"Danny DeVito
14%
79.1,498,964"Lethal Weapon"Danny Glover
14%
93.1,311,213"Madea's Family Reunion"Tyler Perry
14%
44.2,641,240"The Hangover"Zach Galifianakis
14%
77.1,538,458"Tommy Boy"David Spade
12%
62.2,033,666"Hannah Montana"Emily Osment
12%
96.1,298,143"Glee"Cory Monteith
11%
42.2,669,655"WWF Raw"John Cena
11%
84.1,437,373"Gossip Girl"Leighton Meester
11%
19.3,731,381"Drumline"Nick Cannon
11%
92.1,322,751"The Rachel Zoe Project"Rachel Zoe
11%
54.2,222,622"Entourage"Jeremy Piven
10%
65.1,948,679"30 Rock"Tracy Morgan
10%
67.1,805,150"Twilight"Ashley Greene
9%
38.2,785,366"Community"Joel McHale
9%
47.2,537,365"School of Rock"Miranda Cosgrove
9%
81.1,473,741"Punky Brewster"Soleil Moon Frye
9%
12.4,766,875"V for Vendetta"Stephen Fry
9%
59.2,093,088"Stand By Me"Wil Wheaton
9%
56.2,183,439"Parks and Recreation"Aziz Ansari
7%
76.1,554,461"Glee"Chris Colfer
7%
70.1,664,545"Wizards of Waverly Place"David Henrie
7%
69.1,766,372"Reading Rainbow"LeVar Burton
7%
89.1,401,523"Castle"Nathan Fillion
7%
39.2,785,366"Kal Ho Naa Ho"Shah Rukh Khan
7%
40.2,731,638"3 Idiots"Aamir Khan
6%
21.3,551,721"Chicago"Queen Latifah
6%
58.2,113,741"The Hills"Audrina Patridge
5%
88.1,418,025"The Hills"Brody Jenner
5%
50.2,465,151"The World Is Not Enough"Denise Richards
5%
66.1,844,248"The Office"Mindy Kaling
5%
100.1,200,664"Anchorman: The Legend of Ron Burgundy"Christina Applegate
4%
78.1,530,991"That 70's Show"Danny Masterson
4%
99.1,256,199"Glee"Dianna Agron
4%
34.2,835,263"Any Given Sunday"LL Cool J
4%
23.3,417,735"Kabhi Khushi Kabie Gham..."Amitabh Bachchan
3%
22.3,441,536"RBD: La Familia"Dulce Maria
3%
97.1,275,064"Bring It On"Eliza Dushku
3%
64.1,957,361"The Guild"Felicia Day
3%
90.1,370,266"Iron Man"Jon Favreau
3%
80.1,484,560"House M.D."Omar Epps
3%
74.1,601,318"Dhoom"Abishek Bachchan
2%
83.1,439,188"Weeds"Kevin Nealon
2%
63.1,960,817"Twilight"Peter Facinelli
2%
36.2,805,539"Don"Priyanka Chopra
2%
94.1,309,115"The Curious Case of Benjamin Button"Taraji P. Henson
2%
31.3,050,683"Jersey Shore"Vinny Guadagnino
2%
91.1,350,940"Independence Day"Brent Spiner
1%
57.2,152,655"Sinha Moca"Bruno Gagliasso
1%
52.2,271,005"Paraiso"Fernanda Paes Leme
1%
86.1,421,435"Heroes"Greg Grunberg
1%
73.1,615,218"Pulp Fiction"Kathy Griffin
1%
71.1,658,781"I Love You, Beth Cooper"Lauren London
1%
10.5,202,532"Idolos"Marcos Mion
1%
98.1,267,771"Knocked Up"Paul Feig
1%
87.1,419,664"The Daily Show with Jon Stewart"Rob Corddry
1%
95.1,301,922"21 Jump Street"Rob Riggle
1%
60.2,053,263"Noy"Vice Ganda
1%

Score Distribution

Percentile by Number Answered

Percent of People with Each Score

Your Score History

You have not taken this quiz